[Event "Open Semana Santa 2023"]
[Site "?"]
[Date "2023.04.06"]
[Round "3.12"]
[White "FM Garrido Diaz, Jose Antonio"]
[Black "IM Tiglon, Bryce"]
[Result "1/2-1/2"]
[WhiteElo "2302"]
[BlackElo "1502"]
[PlyCount "82"]
[EventDate "2023.??.??"]

1. e4 c5 2. Nf3 d6 3. Bb5+ Nd7 4. a4 Ngf6 5. Nc3 a6 6. Be2 b6 7. d4 cxd4 8.
Qxd4 e5 9. Qe3 Be7 10. O-O Bb7 11. Rd1 Qc7 12. Nd2 O-O 13. Qg3 d5 14. exd5 Nxd5
15. Nxd5 Bxd5 16. Nf1 Be6 17. Bh6 Bf6 18. Ne3 Kh8 19. Bg5 Qc5 20. b3 Bxg5 21.
Qxg5 Nf6 22. Qh4 Qc3 23. Bc4 e4 24. Qg3 Rfe8 25. Rac1 h6 26. Qd6 Bxc4 27. Nxc4
b5 28. axb5 axb5 29. Ne3 Rac8 30. Qd4 Qc7 31. c4 bxc4 32. bxc4 Re5 33. h3 Rc5
34. Rb1 Qc6 35. Qd6 Kg8 36. Rb6 Qe8 37. Rb7 Qe5 38. Qxe5 Rxe5 39. Rd4 Kf8 40.
g4 g6 41. Kg2 Rec5 1/2-1/2

[Event "Open Semana Santa 2023"]
[Site "?"]
[Date "2023.04.06"]
[Round "3.13"]
[White "GM Arizmendi Martinez, Julen Luis"]
[Black "FM Gavarrete, Nahun"]
[Result "1/2-1/2"]
[WhiteElo "2494"]
[BlackElo "2303"]
[PlyCount "67"]
[EventDate "2023.??.??"]

1. Nf3 Nf6 2. c4 g6 3. Nc3 Bg7 4. e4 e5 5. Nxe5 O-O 6. Nf3 Re8 7. d3 d5 8. cxd5
Nxd5 9. Bd2 Bg4 10. Qb3 Nb6 11. Ng5 Be6 12. Qd1 Nc6 13. Be2 Nd4 14. Be3 Qd6 15.
Nf3 Nxe2 16. Qxe2 Rad8 17. Rd1 Qb4 18. O-O Bxc3 19. bxc3 Qxc3 20. Rc1 Qxd3 21.
Qxd3 Rxd3 22. Rxc7 Rd7 23. Rfc1 Rxc7 24. Rxc7 Bxa2 25. Rxb7 Rxe4 26. Rxa7 Rb4
27. h3 Bd5 28. Ne5 Nc4 29. Nxc4 Rxc4 30. Rd7 Be6 31. Rd8+ Kg7 32. Bd4+ f6 33.
Be3 h5 34. Rd6 1/2-1/2

[Event "Open Semana Santa 2023"]
[Site "?"]
[Date "2023.04.06"]
[Round "3.14"]
[White "GM Solodovnichenko, Yuri"]
[Black "Sismeiro, Miguel"]
[Result "1-0"]
[WhiteElo "2489"]
[BlackElo "2301"]
[PlyCount "57"]

1. e4 g6 2. d4 Bg7 3. Nf3 c6 4. h3 d5 5. e5 f6 6. Bd3 Nh6 7. O-O O-O 8. exf6
exf6 9. Re1 a5 10. c4 dxc4 11. Bxc4+ Nf7 12. a3 Nd7 13. Nc3 Nb6 14. Ba2 Qc7 15.
Be3 Bf5 16. d5 Nxd5 17. Nxd5 cxd5 18. Rc1 Qd7 19. Qxd5 Rfd8 20. Qxd7 Rxd7 21.
Nd4 Be4 22. Ne6 Bc6 23. Bb6 Bh6 24. Rcd1 Rxd1 25. Rxd1 Kh8 26. f4 Bg7 27. Nc7
Rd8 28. Rxd8+ Nxd8 29. Na8 1-0

[Event "Open Semana Santa 2023"]
[Site "?"]
[Date "2023.04.06"]
[Round "3.15"]
[White "IM Kosakowski, Jakub"]
[Black "Liu, Zhaoqi"]
[Result "1/2-1/2"]
[WhiteElo "2479"]
[BlackElo "2301"]
[PlyCount "51"]

1. e4 e6 2. d4 d5 3. e5 c5 4. c3 Nc6 5. Nf3 Bd7 6. Be2 Nge7 7. Na3 cxd4 8. cxd4
Nf5 9. Nc2 Nb4 10. O-O Nxc2 11. Qxc2 Rc8 12. Qd3 Be7 13. Bd2 O-O 14. g4 Nh4 15.
Nxh4 Bxh4 16. f4 f6 17. Qh3 fxe5 18. fxe5 Qb6 19. Bc3 Bg5 20. Bd3 g6 21. Qg3
Bb5 22. Bxb5 Qxb5 23. h4 Be7 24. Qe3 Rxf1+ 25. Rxf1 Rf8 26. Rxf8+ 1/2-1/2

[Event "Open Semana Santa 2023"]
[Site "?"]
[Date "2023.04.06"]
[Round "3.16"]
[White "IM Candela Perez, Jose"]
[Black "GM Movsziszian, Karen"]
[Result "0-1"]
[WhiteElo "2299"]
[BlackElo "2468"]
[PlyCount "72"]

1. d4 d6 2. e4 Nf6 3. Nc3 g6 4. h3 Bg7 5. g4 O-O 6. Bg2 e5 7. Nge2 Nc6 8. Be3
h5 9. g5 Nh7 10. h4 exd4 11. Nxd4 Ne5 12. Qe2 Re8 13. O-O-O c6 14. Rd2 Qc7 15.
f4 Ng4 16. Bg1 b5 17. Qd3 b4 18. Nd1 Bb7 19. Nf2 Nxf2 20. Bxf2 Rad8 21. Qc4 Qa5
22. Kb1 c5 23. Nb3 Qb6 24. Rhd1 Nf8 25. Bg1 a5 26. Nc1 a4 27. e5 Bxg2 28. Rxg2
dxe5 29. Rxd8 Rxd8 30. Qxc5 Qb7 31. Qf2 exf4 32. Bh2 Ne6 33. Nd3 b3 34. axb3
axb3 35. Qf1 Qa6 36. Rd2 Qa2+ 0-1

[Event "Open Semana Santa 2023"]
[Site "?"]
[Date "2023.04.06"]
[Round "3.17"]
[White "IM Camacho Collados, Marcos"]
[Black "FM Escartin Lacasa, Jose"]
[Result "1-0"]
[WhiteElo "2465"]
[BlackElo "2298"]
[PlyCount "105"]

1. e4 c5 2. Nf3 Nc6 3. Bb5 e6 4. O-O Nge7 5. d4 cxd4 6. Nxd4 a6 7. Be2 d5 8.
Nxc6 Nxc6 9. exd5 exd5 10. Re1 Be7 11. Bf3 d4 12. Bg5 O-O 13. Bxe7 Nxe7 14. Nd2
Nf5 15. Nb3 Qb6 16. Be4 Rd8 17. Qf3 Nh4 18. Qh5 Ng6 19. Rad1 Be6 20. Qc5 Qxc5
21. Nxc5 Rac8 22. Nxb7 Rd7 23. Na5 Rc5 24. Nb3 Bxb3 25. axb3 Re7 26. Kf1 a5 27.
Rxd4 Rce5 28. f4 Nxf4 29. Rd8+ Re8 30. Bxh7+ Kf8 31. Rxe8+ Rxe8 32. Rxe8+ Kxe8
33. g3 Ne6 34. Bd3 Ke7 35. Kf2 Kd6 36. Bc4 Nd8 37. Ke3 Ke5 38. c3 f6 39. b4
axb4 40. cxb4 Nb7 41. b3 Nd6 42. Bd3 Nc8 43. g4 g5 44. Be4 Nd6 45. Bc6 f5 46.
gxf5 Nxf5+ 47. Kf2 Nd4 48. Ba4 Kd5 49. Kg3 Ne2+ 50. Kg4 Ng1 51. Bb5 Ke4 52. Bf1
Ke5 53. Kg3 1-0

[Event "Open Semana Santa 2023"]
[Site "?"]
[Date "2023.04.06"]
[Round "3.18"]
[White "FM Remolar Gallen, Jose"]
[Black "IM Fernandez Guillen, Ernesto J."]
[Result "0-1"]
[WhiteElo "2283"]
[BlackElo "2461"]
[PlyCount "96"]

1. d4 Nf6 2. c4 e6 3. Nc3 Bb4 4. e3 O-O 5. Nge2 d5 6. a3 Bd6 7. c5 Be7 8. b4
Nbd7 9. Ng3 e5 10. Bb2 Re8 11. Be2 Bf8 12. O-O e4 13. f3 h5 14. Nxh5 Nxh5 15.
fxe4 Nhf6 16. e5 Nxe5 17. dxe5 Rxe5 18. Qd4 Qe7 19. Bf3 c6 20. Rae1 Bd7 21. Nb5
Rg5 22. Nd6 Be6 23. Qf4 Rg6 24. e4 dxe4 25. Nxe4 Nd5 26. Qe5 Qh4 27. Ng3 a5 28.
Re4 Qg5 29. Bh5 Qxe5 30. Bxe5 Rh6 31. Ra1 Nf6 32. Bxf6 Rxf6 33. Rb1 axb4 34.
axb4 Bd5 35. Ree1 g6 36. Be2 Ra4 37. Rec1 Bh6 38. Rf1 Re6 39. Bf3 Bc4 40. Rfd1
Ba2 41. Rb2 Bg7 42. Rbd2 Bc4 43. Rd8+ Kh7 44. Rb1 Ba2 45. Rf1 Rxb4 46. Rd7 Re5
47. Ne4 Rbxe4 48. Bxe4 Rxe4 0-1

[Event "Open Semana Santa 2023"]
[Site "?"]
[Date "2023.04.06"]
[Round "3.19"]
[White "IM Murphy, Conor E"]
[Black "Rey Martinez, Jaime"]
[Result "1-0"]
[WhiteElo "2450"]
[BlackElo "2283"]
[PlyCount "49"]

1. d4 d5 2. c4 dxc4 3. Nf3 Nf6 4. e3 e6 5. Bxc4 c5 6. O-O a6 7. Be2 Nc6 8. dxc5
Bxc5 9. Qxd8+ Kxd8 10. b3 Ke7 11. Bb2 Rd8 12. Rc1 Bd6 13. Nbd2 Bd7 14. Nc4 Rac8
15. Nxd6 Kxd6 16. Ba3+ Kc7 17. Ne5 Be8 18. Bf8 Ng8 19. Bxg7 f6 20. Nd3 Bf7 21.
Nc5 h6 22. Ne4 Rd5 23. f4 Bg6 24. Nxf6 Rd2 25. Bf3 1-0

[Event "Open Semana Santa 2023"]
[Site "?"]
[Date "2023.04.06"]
[Round "3.20"]
[White "CM Ilinca Ilinca, Felix Antonio"]
[Black "IM Plazuelo Pascual, Juan"]
[Result "1/2-1/2"]
[WhiteElo "2266"]
[BlackElo "2449"]
[PlyCount "83"]

1. e4 c5 2. Nf3 d6 3. d4 cxd4 4. Nxd4 Nf6 5. Nc3 a6 6. h3 Nc6 7. g4 g6 8. g5
Nh5 9. Be3 Bg7 10. Qd2 Nxd4 11. Bxd4 Bxd4 12. Qxd4 O-O 13. Bc4 Be6 14. O-O-O
Bxc4 15. Qxc4 Re8 16. e5 Qa5 17. Rd5 b5 18. exd6 exd6 19. Qd4 Rac8 20. Rxd6 Rc4
21. Qb6 Qxb6 22. Rxb6 b4 23. Nd5 a5 24. Rd1 Rc5 25. h4 Kg7 26. Ne3 Re7 27. Rd8
h6 28. gxh6+ Kxh6 29. Rbb8 Nf6 30. b3 Kg7 31. Rd4 Ne4 32. Kb2 Nxf2 33. Nc4 Re1
34. Rbd8 Rf1 35. R8d7 Kg8 36. Rd8+ Kg7 37. R8d7 Kg8 38. a3 Re1 39. axb4 axb4
40. Rd8+ Kg7 41. R8d7 Kg8 42. Rd8+ 1/2-1/2

[Event "Open Semana Santa 2023"]
[Site "?"]
[Date "2023.04.06"]
[Round "3.21"]
[White "FM Villuendas Valero, Adrian"]
[Black "GM Moskalenko, Viktor"]
[Result "1/2-1/2"]
[WhiteElo "2262"]
[BlackElo "2443"]
[Annotator "Usuario"]
[PlyCount "78"]
[EventDate "2023.??.??"]

1. d4 d6 2. e4 g6 3. Nc3 Bg7 4. Bg5 h6 5. Be3 a6 6. Qd2 Nf6 7. f3 b5 8. a4 b4
9. Nd1 a5 10. Bd3 Ba6 11. Ne2 Nbd7 12. O-O Bxd3 13. cxd3 c5 14. Rc1 Rc8 15. d5
Nf8 16. b3 e6 17. dxe6 Nxe6 18. d4 d5 19. e5 Nd7 20. f4 O-O 21. f5 gxf5 22.
Bxh6 Bxh6 23. Qxh6 Qg5 24. Qxg5+ Nxg5 25. Ne3 cxd4 26. Nxd4 Rxc1 27. Rxc1 Ne6
28. Nexf5 Nxe5 29. Re1 Nxd4 30. Nxd4 f6 31. Rc1 Re8 32. h3 Nd3 33. Rd1 Nc5 34.
Rc1 Nd3 35. Rd1 $11 Nf4 36. Kf2 Rc8 37. Kf3 Ng6 38. Ne2 Ne7 39. Rd3 Kf7 $11
1/2-1/2

[Event "Open Semana Santa 2023"]
[Site "?"]
[Date "2023.04.06"]
[Round "3.22"]
[White "IM Garcia Ramos, Daniel"]
[Black "FM Castellanos Gomez, Alejandro"]
[Result "1-0"]
[WhiteElo "2442"]
[BlackElo "2277"]
[PlyCount "111"]

1. e4 e6 2. d4 d5 3. Bd3 c5 4. exd5 exd5 5. dxc5 Bxc5 6. Nf3 Nf6 7. O-O O-O 8.
h3 h6 9. Nc3 Nc6 10. a3 Re8 11. Re1 Be6 12. b4 Bf8 13. Bb2 Rc8 14. Ne2 Ne4 15.
Ned4 Nxd4 16. Bxd4 Nd6 17. Ne5 a6 18. Qf3 Qg5 19. Re2 Nf5 20. Bb2 Nh4 21. Qg3
Qxg3 22. fxg3 Nf5 23. g4 Nd6 24. Rae1 Ne4 25. c4 Nf6 26. c5 Be7 27. Ng6 Bd8 28.
Nf4 Rc6 29. Bf5 b6 30. Bxe6 fxe6 31. Rxe6 Rcxe6 32. Rxe6 bxc5 33. Rxe8+ Nxe8
34. bxc5 Be7 35. c6 d4 36. Nd5 Bc5 37. c7 Nd6 38. Ne7+ Kf7 39. Nf5 d3+ 40. Kf1
Nc8 41. Nxg7 Bd6 42. Ke1 Bxc7 43. Kd2 Ne7 44. Kxd3 Ng6 45. Nf5 Nf4+ 46. Ke4 h5
47. Bc1 Nxg2 48. gxh5 Ne1 49. Ne3 Ba5 50. Bb2 Bd2 51. Nc4 Bg5 52. Kf5 Be7 53.
h6 Bf8 54. h7 Bg7 55. Ne5+ Kf8 56. Ng6+ 1-0

[Event "Open Semana Santa 2023"]
[Site "?"]
[Date "2023.04.06"]
[Round "3.23"]
[White "Munoz Avila, Jose Luis"]
[Black "IM Gomez Ledo, Roberto Carlos"]
[Result "0-1"]
[WhiteElo "2237"]
[BlackElo "2437"]
[PlyCount "86"]

1. d4 d5 2. Nf3 Nf6 3. c4 dxc4 4. e3 e6 5. Bxc4 c5 6. Nc3 a6 7. O-O Nc6 8. a3
Be7 9. dxc5 Bxc5 10. Qxd8+ Kxd8 11. Rd1+ Ke7 12. e4 Ng4 13. Bg5+ f6 14. Bh4
Nge5 15. Nxe5 Nxe5 16. Be2 Bd7 17. Kh1 Rhd8 18. f3 Rac8 19. Rac1 Be3 20. Rb1
Be8 21. Be1 Nc4 22. Rxd8 Kxd8 23. g3 Ke7 24. Bxc4 Rxc4 25. Kg2 Bd4 26. Rd1 Bc6
27. Rd3 Be5 28. Kf1 g5 29. h3 h5 30. g4 h4 31. Bd2 a5 32. Be3 b5 33. Ke1 b4 34.
axb4 axb4 35. Nd1 Bb5 36. Rd2 Rc6 37. Kf2 Bg3+ 38. Kg2 Be1 39. Rd4 Rc2+ 40. Kg1
Be2 41. e5 Bxf3 42. exf6+ Kxf6 43. Rd8 Bd5 0-1

[Event "Open Semana Santa 2023"]
[Site "?"]
[Date "2023.04.06"]
[Round "3.24"]
[White "CM Ribera Veganzones, Josep Maria"]
[Black "IM Espinosa Aranda, Angel"]
[Result "0-1"]
[WhiteElo "2221"]
[BlackElo "2429"]
[PlyCount "58"]

1. e4 e6 2. d4 d5 3. Nd2 c5 4. exd5 Qxd5 5. dxc5 Nf6 6. Ngf3 Qxc5 7. Bd3 Nbd7
8. O-O Qc7 9. a3 Nc5 10. Bb5+ Bd7 11. Bxd7+ Ncxd7 12. c4 a5 13. b3 Be7 14. Bb2
O-O 15. Qe2 Rfd8 16. Ne4 Nxe4 17. Qxe4 Nc5 18. Qc2 Qb6 19. Nd4 Bf6 20. Nb5 Bxb2
21. Qxb2 Rd7 22. b4 Nd3 23. Qb3 Rad8 24. Nc3 axb4 25. Rab1 Qc6 26. axb4 Nf4 27.
f3 Rd2 28. g3 Rg2+ 29. Kh1 Rdd2 0-1

[Event "Open Semana Santa 2023"]
[Site "?"]
[Date "2023.04.06"]
[Round "3.25"]
[White "IM Martinez Ramirez, Lennis"]
[Black "FM Moral Garcia, Serafin"]
[Result "1-0"]
[WhiteElo "2428"]
[BlackElo "2258"]
[Annotator "Usuario"]
[PlyCount "93"]

1. c4 e5 2. Nc3 Nf6 3. Nf3 Nc6 4. d4 exd4 5. Nxd4 Bb4 6. g3 O-O 7. Bg2 Bxc3+ 8.
bxc3 Qe7 9. O-O Qc5 10. Nb5 Qb6 11. Qa4 Ne8 12. c5 Qa5 13. Qxa5 Nxa5 14. Bf4 c6
15. Nc7 Nxc7 16. Bxc7 Nc4 17. Rfd1 b5 18. Rd4 a5 19. Re4 Ra7 20. Bd6 Nxd6 21.
cxd6 f5 $11 22. Re5 g6 23. e4 fxe4 24. Re1 b4 25. Bxe4 bxc3 26. Re3 Rb7 27.
Rxc3 Rb4 28. Kg2 Bb7 29. Rb3 Rf6 30. Re8+ Rf8 31. Re7 Rf7 32. Rf3 Rxf3 33. Bxf3
c5 34. Rxd7 Bxf3+ 35. Kxf3 Rd4 36. Ke3 h5 37. f4 Kf8 38. h3 Ke8 39. Rc7 Ra4 40.
g4 Ra3+ 41. Ke4 Rxh3 42. f5 gxf5+ 43. gxf5 Rh2 44. f6 Rxa2 45. Re7+ Kd8 46. f7
Rf2 47. Kd5 1-0

[Event "Open Semana Santa 2023"]
[Site "?"]
[Date "2023.04.06"]
[Round "3.26"]
[White "Perea Fruet, Lorenzo"]
[Black "IM Alonso Garcia, Aaron"]
[Result "0-1"]
[WhiteElo "2217"]
[BlackElo "2426"]
[PlyCount "76"]

1. d4 Nf6 2. Nc3 d5 3. Bf4 a6 4. e3 e6 5. g4 Bb4 6. Bg2 Ne4 7. Bxe4 dxe4 8.
Nge2 e5 9. dxe5 Qxd1+ 10. Rxd1 Bxg4 11. Rg1 h5 12. Rd2 Nc6 13. a3 Bxc3 14. Nxc3
g5 15. Rxg4 hxg4 16. Bg3 Rd8 17. Rxd8+ Kxd8 18. Nxe4 Ke7 19. Nf6 Ke6 20. Nxg4
b5 21. Ke2 a5 22. Kd3 Rd8+ 23. Kc3 Ne7 24. Kb3 Nf5 25. c4 Rd3+ 26. Kc2 bxc4 27.
e4 Nd4+ 28. Kc1 Ne2+ 29. Kc2 Nxg3 30. hxg3 Rd4 31. f3 Rd3 32. f4 Rxg3 33. f5+
Ke7 34. Nf6 c6 35. Ng8+ Kf8 36. Nf6 g4 37. Nd7+ Kg8 38. Nb6 Rf3 0-1

[Event "Open Semana Santa 2023"]
[Site "?"]
[Date "2023.04.06"]
[Round "3.27"]
[White "Chen, Peng"]
[Black "FM Garcia Molina, Jose"]
[Result "1/2-1/2"]
[WhiteElo "2425"]
[BlackElo "2251"]
[Annotator "Usuario"]
[PlyCount "64"]

1. e4 c5 2. Nf3 d6 3. d4 cxd4 4. Nxd4 Nf6 5. Nc3 Nc6 6. Bc4 Qb6 7. Ndb5 a6 8.
Be3 Qa5 9. Nd4 e6 10. O-O Be7 11. a3 Qc7 12. Ba2 O-O 13. f4 Bd7 14. Qf3 Rac8
15. f5 Nxd4 16. Bxd4 Rce8 17. Rae1 Kh8 18. g4 h6 19. h4 Nh7 20. g5 hxg5 21.
hxg5 Bxg5 22. Kg2 exf5 23. Rh1 Re5 24. Bxe5 dxe5 25. exf5 Bh6 26. Re2 f6 27.
Nd5 Qd6 28. Rd1 Ng5 29. Qg4 Bc6 30. Kf1 Rc8 31. c4 b5 32. Red2 Qf8 $11 1/2-1/2

[Event "Open Semana Santa 2023"]
[Site "?"]
[Date "2023.04.06"]
[Round "3.28"]
[White "IM Poormosavi, Seyed Kian"]
[Black "IM Kovacevic, Slobodan"]
[Result "1-0"]
[WhiteElo "2418"]
[BlackElo "2226"]
[PlyCount "87"]
[EventDate "2023.??.??"]

1. e4 c5 2. Nf3 e6 3. b3 b6 4. Bb2 Bb7 5. Qe2 d6 6. g3 Nf6 7. d3 Nc6 8. Bg2 Be7
9. O-O O-O 10. Nbd2 b5 11. d4 cxd4 12. Qxb5 Rb8 13. Qe2 e5 14. c3 dxc3 15. Bxc3
a5 16. Rfd1 Nd7 17. Rac1 Qc7 18. Ne1 Nc5 19. Nc2 Bg5 20. h4 Ba6 21. Qf3 Bh6 22.
Ne3 Bxe3 23. Qxe3 Nd3 24. Ra1 Ndb4 25. Rdc1 Nd3 26. Bf1 Nxc1 27. Bxa6 Nxa2 28.
Rxa2 Nb4 29. Bxb4 Rxb4 30. Bc4 Rd8 31. Qd3 a4 32. Rxa4 Rxa4 33. bxa4 Re8 34.
Kh2 h6 35. Qb3 Rd8 36. Nf1 g6 37. h5 Kg7 38. Ne3 Ra8 39. Qd1 Qc5 40. Qg4 Rb8
41. hxg6 fxg6 42. Qe6 h5 43. Qe7+ Kh6 44. Bf7 1-0

[Event "Open Semana Santa 2023"]
[Site "?"]
[Date "2023.04.06"]
[Round "3.29"]
[White "FM Trigo Urquijo, Sergio"]
[Black "CM Uribe, Jhonny Alberto"]
[Result "1-0"]
[WhiteElo "2408"]
[BlackElo "2223"]
[PlyCount "121"]

1. Nf3 Nf6 2. g3 b6 3. Bg2 Bb7 4. O-O c5 5. c4 e6 6. Nc3 a6 7. d4 cxd4 8. Qxd4
d6 9. Bg5 Nbd7 10. Nd2 Bxg2 11. Kxg2 Qc7 12. Nde4 Nxe4 13. Nxe4 h6 14. Be3 f5
15. Nc3 Rc8 16. Rac1 Kf7 17. b3 Be7 18. Rfd1 b5 19. cxb5 axb5 20. f3 Qb7 21.
Qb4 Rb8 22. Bf4 d5 23. Bd6 Bxd6 24. Qxd6 Rhc8 25. e4 fxe4 26. fxe4 Nf6 27. exd5
exd5 28. Ne2 Qe7 29. Qxe7+ Kxe7 30. Nd4 Kd7 31. Nf5 Rxc1 32. Rxc1 Ra8 33. Rc2
g6 34. Nd4 b4 35. Kf3 Ra6 36. Ne2 Kd6 37. Nf4 g5 38. Nd3 Rb6 39. Ke3 Rb8 40.
Kd4 Ne4 41. Rc1 h5 42. Rf1 g4 43. Rf5 Rb5 44. Rxh5 Nd2 45. Rh6+ Kc7 46. Nc5 Ra5
47. Na6+ Kd7 48. Nxb4 Nf3+ 49. Kd3 d4 50. a4 Rc5 51. Na2 Re5 52. Kc4 Re2 53.
Nb4 Rxh2 54. Rxh2 Nxh2 55. Kxd4 Nf1 56. Nd3 Nxg3 57. Ne5+ Kc7 58. Nxg4 Kb6 59.
b4 Nf5+ 60. Kc4 Nd6+ 61. Kb3 1-0

[Event "Open Semana Santa 2023"]
[Site "?"]
[Date "2023.04.06"]
[Round "3.30"]
[White "WIM Sharma Isha"]
[Black "IM Lopez Mulet, Inigo"]
[Result "1-0"]
[WhiteElo "2216"]
[BlackElo "2403"]
[PlyCount "119"]

1. e4 c6 2. Bc4 d5 3. Bb3 dxe4 4. Qh5 g6 5. Qh4 Nf6 6. Nc3 Bg7 7. Nxe4 Nxe4 8.
Qxe4 Na6 9. Qf3 O-O 10. c3 e5 11. Bc2 Nc5 12. Ne2 e4 13. Bxe4 Nxe4 14. Qxe4 Bf5
15. Qf3 Bd3 16. Nf4 Re8+ 17. Kd1 Ba6 18. Kc2 g5 19. Nd3 Qd6 20. Ne1 Re2 21. Kd1
Rae8 22. Nc2 c5 23. Ne3 Qd3 24. c4 Bxc4 25. Nxc4 Qxc4 26. Qb3 Qg4 27. Qf3 Qa4+
28. Qb3 Qc6 29. Qf3 Qa6 30. a4 Bd4 31. Qg4 h6 32. h4 Rxf2 33. hxg5 Rf1+ 34.
Rxf1 Qxf1+ 35. Kc2 Qc4+ 36. Kb1 Qd3+ 37. Ka2 Qc4+ 38. Kb1 Qd3+ 39. Ka2 Re1 40.
gxh6+ Kh7 41. Qf3 Qg6 42. Qxb7 Qe6+ 43. Qb3 c4 44. Qc2+ Kh8 45. Kb1 Bc5 46.
Qc3+ f6 47. a5 Qf5+ 48. Qc2 Qd3 49. Ra4 Kh7 50. Rxc4 Qxc2+ 51. Kxc2 Bg1 52. d4
Re2+ 53. Kd3 Rxg2 54. Rc7+ Kh8 55. Rxa7 Rg4 56. Rd7 Rg8 57. a6 Ra8 58. a7 Bh2
59. b4 f5 60. Bg5 1-0

[Event "Open Semana Santa 2023"]
[Site "?"]
[Date "2023.04.06"]
[Round "3.31"]
[White "Bermejo Martinez, Jorge"]
[Black "IM Veiga, Jose Francisco R P N"]
[Result "0-1"]
[WhiteElo "2215"]
[BlackElo "2403"]
[PlyCount "60"]

1. d4 Nf6 2. Nf3 g6 3. c4 Bg7 4. Nc3 O-O 5. e4 d6 6. Be2 Bg4 7. O-O Nfd7 8. Be3
c5 9. h3 Bxf3 10. Bxf3 cxd4 11. Bxd4 Bxd4 12. Qxd4 Nc6 13. Qd2 Nc5 14. Rad1 a5
15. Be2 a4 16. f4 Kg7 17. h4 e5 18. h5 Nd4 19. Qe3 Nce6 20. Nd5 Qh4 21. f5 gxf5
22. exf5 Ng5 23. Nb6 Rad8 24. c5 dxc5 25. f6+ Kh8 26. Nxa4 Rg8 27. g4 Nh3+ 28.
Kg2 Nf4+ 29. Rxf4 exf4 30. Qf2 Rxg4+ 0-1

[Event "Open Semana Santa 2023"]
[Site "?"]
[Date "2023.04.06"]
[Round "3.32"]
[White "FM Garcia Gimenez, Santiago"]
[Black "GM Cifuentes Parada, Roberto"]
[Result "1/2-1/2"]
[WhiteElo "2210"]
[BlackElo "2396"]
[PlyCount "103"]

1. e4 d6 2. d4 Nf6 3. Nc3 e5 4. Nf3 Nbd7 5. Bc4 Be7 6. a4 O-O 7. O-O a6 8. a5
h6 9. Re1 exd4 10. Nxd4 Ne5 11. Bf1 c5 12. Nf5 Bxf5 13. exf5 Nc6 14. Nd5 Nxd5
15. Qxd5 Nb4 16. Qb3 d5 17. c3 c4 18. Qd1 Nc6 19. g3 Bf6 20. Bg2 d4 21. cxd4
Nxd4 22. Ra4 Rc8 23. Bxb7 Rc7 24. Bg2 Re8 25. Rxe8+ Qxe8 26. Be3 c3 27. bxc3
Ne2+ 28. Qxe2 Qxa4 29. Qxa6 Qd1+ 30. Qf1 Qa4 31. a6 Bxc3 32. Qd3 Rd7 33. Qxd7
Qxd7 34. a7 Qd1+ 35. Bf1 Qa1 36. Kg2 Bd2 37. Bb6 Kh7 38. Bd3 Qf6 39. a8=Q Qxb6
40. h4 Be1 41. Qf3 Qf6 42. Qd5 Bc3 43. Qd7 Bb4 44. Be4 Kg8 45. Bd5 Bf8 46. g4
Qe7 47. Qc6 Qxh4 48. Bxf7+ Kh8 49. Qe4 Qe7 50. Be6 h5 51. Qe5 Qg5 52. Qg3
1/2-1/2

[Event "Open Semana Santa 2023"]
[Site "?"]
[Date "2023.04.06"]
[Round "3.33"]
[White "IM Cruz Lledo, Pablo"]
[Black "FM Hernandez Leon, Alberto"]
[Result "1-0"]
[WhiteElo "2395"]
[BlackElo "2218"]
[PlyCount "127"]

1. d4 d5 2. c4 e6 3. Nc3 Nf6 4. cxd5 exd5 5. Bf4 Bd6 6. Bxd6 Qxd6 7. e3 c6 8.
Bd3 Nbd7 9. Nge2 Nf8 10. Ng3 g6 11. O-O h5 12. e4 h4 13. e5 Qd8 14. exf6 hxg3
15. fxg3 Qb6 16. Qa4 Be6 17. Ne2 O-O-O 18. h3 Kb8 19. b4 Nd7 20. Rab1 Rh6 21.
Qc2 Rdh8 22. Qd2 Ka8 23. h4 Ne5 24. Rb3 Rh5 25. a4 Nxd3 26. Rxd3 Bg4 27. Re3 g5
28. hxg5 Rxg5 29. Nf4 Rf5 30. Rfe1 Qd8 31. b5 Rxf6 32. bxc6 bxc6 33. Qb4 Qb8
34. Qc5 Bd7 35. Re7 Rxf4 36. gxf4 Qxf4 37. R7e3 Qh2+ 38. Kf1 Rg8 39. Ke2 Qxg2+
40. Kd1 Qb2 41. R3e2 Qa1+ 42. Kd2 Qxa4 43. Rc1 Rb8 44. Ke1 Qb3 45. Qd6 Rh8 46.
Qxd7 Rh1+ 47. Kd2 Qb2+ 48. Kd3 Qb3+ 49. Kd2 Qb2+ 50. Kd3 Qb3+ 51. Rc3 Rd1+ 52.
Rd2 Qb5+ 53. Ke3 Re1+ 54. Kf4 Qf1+ 55. Rf3 Re4+ 56. Kg3 Qg1+ 57. Rg2 Qe1+ 58.
Kh2 Qh4+ 59. Qh3 Qd8 60. Rfg3 Kb7 61. Rb3+ Ka8 62. Rgb2 Qd6+ 63. Qg3 Qh6+ 64.
Kg2 1-0

[Event "Open Semana Santa 2023"]
[Site "?"]
[Date "2023.04.06"]
[Round "3.34"]
[White "Revaliente Montoya, Ciro"]
[Black "FM Macias Pino, Diego"]
[Result "0-1"]
[WhiteElo "2203"]
[BlackElo "2395"]
[PlyCount "76"]

1. e4 c6 2. d4 d5 3. f3 e6 4. Nc3 Bb4 5. Bd2 Nf6 6. e5 Nfd7 7. Nce2 Qb6 8. c3
Be7 9. b4 a5 10. a3 Qa7 11. f4 axb4 12. cxb4 Na6 13. Qb1 Nb6 14. a4 Nc4 15. Bc3
Qb6 16. b5 Nc7 17. bxc6 Qxc6 18. Qb3 Bd7 19. a5 Nb5 20. Nf3 O-O 21. Nd2 Nxc3
22. Nxc3 b5 23. Nxc4 dxc4 24. Qc2 Bb4 25. Kf2 Bxa5 26. Be2 Qb6 27. Rhd1 Bc6 28.
Ne4 Rfd8 29. Ke3 Bxe4 30. Qxe4 Rac8 31. Rac1 Bb4 32. Kf3 Ba3 33. Rc2 Rd5 34. f5
Rcd8 35. Ra2 exf5 36. Qxd5 Rxd5 37. Rxa3 g5 38. g4 Rxd4 0-1

[Event "Open Semana Santa 2023"]
[Site "?"]
[Date "2023.04.06"]
[Round "3.35"]
[White "IM Tejedor Fuente, Enrique"]
[Black "FM Yurkovskiy, Ivan"]
[Result "1-0"]
[WhiteElo "2390"]
[BlackElo "2216"]
[PlyCount "33"]

1. c4 e6 2. Nf3 b6 3. g3 Bb7 4. Bg2 f5 5. O-O Nf6 6. d4 d6 7. d5 exd5 8. Ng5
Qe7 9. cxd5 h6 10. Ne6 Kf7 11. Qc2 c6 12. Qxf5 cxd5 13. Nf4 Qe5 14. Qg6+ Kg8
15. Bh3 Rh7 16. Be6+ Kh8 17. Qf7 1-0

[Event "Open Semana Santa 2023"]
[Site "?"]
[Date "2023.04.06"]
[Round "3.36"]
[White "IM Ajay Krishna, S."]
[Black "Kocharin, Timur"]
[Result "1-0"]
[WhiteElo "2382"]
[BlackElo "2203"]
[PlyCount "85"]

1. d4 Nf6 2. Nf3 d5 3. c3 g6 4. Bf4 Bg7 5. e3 O-O 6. Nbd2 b6 7. a4 a5 8. h3 Bb7
9. Qb3 Nbd7 10. Be2 Ne4 11. Rd1 Nxd2 12. Rxd2 c5 13. O-O c4 14. Qa2 Ba6 15. b3
Rc8 16. Qb1 Nf6 17. Rb2 Ne4 18. Rc1 Qd7 19. b4 f6 20. Bd1 Rfe8 21. bxa5 bxa5
22. Nd2 Nxd2 23. Rxd2 Bb7 24. Qb5 Bc6 25. Qxa5 Ra8 26. Qb6 Bxa4 27. Bxa4 Rxa4
28. Rb2 Rea8 29. Rcb1 e5 30. Bg3 R4a6 31. Qb5 Qxb5 32. Rxb5 exd4 33. exd4 Ra1
34. Rxa1 Rxa1+ 35. Kh2 Rc1 36. Rxd5 Rxc3 37. Rd8+ Kf7 38. Rd7+ Kf8 39. Rc7 f5
40. Be5 Bxe5+ 41. dxe5 h5 42. h4 Rc2 43. Kg3 1-0

[Event "Open Semana Santa 2023"]
[Site "?"]
[Date "2023.04.06"]
[Round "3.37"]
[White "FM Davtyan, David Arm."]
[Black "FM Bettalli, Francesco"]
[Result "1/2-1/2"]
[WhiteElo "2374"]
[BlackElo "2200"]
[PlyCount "53"]

1. e4 c5 2. Nf3 g6 3. c3 d5 4. exd5 Qxd5 5. d4 Nf6 6. Be2 Bg7 7. c4 Qd8 8. d5
O-O 9. Nc3 e6 10. Be3 b6 11. Qd2 exd5 12. cxd5 Bb7 13. Rd1 Ne8 14. Bg5 Bf6 15.
h4 Nd6 16. Qf4 Bxg5 17. hxg5 f6 18. Qh4 Rf7 19. gxf6 Qxf6 20. Ng5 Re7 21. Rd3
Nd7 22. Rdh3 Rae8 23. Nxh7 Qxh4 24. Rxh4 Nf5 25. R4h3 Nd4 26. Ng5 Nf6 27. Rh8+
1/2-1/2

[Event "Open Semana Santa 2023"]
[Site "?"]
[Date "2023.04.06"]
[Round "3.38"]
[White "IM Vega Gutierrez, Sabrina"]
[Black "CM Balague Camps, Marc"]
[Result "1-0"]
[WhiteElo "2370"]
[BlackElo "2197"]
[PlyCount "41"]

1. e4 c5 2. Nf3 e6 3. d4 cxd4 4. Nxd4 Nc6 5. Nc3 Qc7 6. g4 a6 7. Be3 Nxd4 8.
Qxd4 b5 9. O-O-O Bb7 10. Kb1 Rc8 11. Bf4 Qc6 12. Bg2 d6 13. Bg3 a5 14. Bf1 Ba6
15. Bxd6 Rd8 16. e5 Bxd6 17. exd6 Nf6 18. g5 Nh5 19. Be2 b4 20. Bxh5 bxc3 21.
Qxg7 1-0